Оптимизация свойств материала в композиционной режущей части лезвийных инструментов: учебное пособие
| المؤلف الرئيسي: | |
|---|---|
| مؤلف مشترك: | |
| مؤلفون آخرون: | , |
| الملخص: | Заглавие с титульного экрана Электронная версия печатной публикации В учебном пособии приведены сведения о применяемых в металлообработке инструментальных материалах и их характеристиках, рассмотрена задача оптимизации распределения физико-механических свойств в композиционных режущих элементах, предложен метод получения слоистых инструментальных композитов и исследованы режущие свойства двухслойных пластин на основе Томала-10. Работа подготовлена на кафедре технологии машиностроения филиала ТПУ в г. Юрге и предназначена для студентов старших курсов специальностей 120100 и 120200. Может быть полезна также для специалистов, занимающихся вопросами изготовления и эксплуатации инструментальных композитов. Текстовые файлы. |
| اللغة: | الروسية |
| منشور في: |
Томск, ТПУ, 1999
|
| الموضوعات: | |
| الوصول للمادة أونلاين: | http://www.lib.tpu.ru/fulltext/m/2004/m24.pdf |
| التنسيق: | الكتروني كتاب |
| KOHA link: | https://koha.lib.tpu.ru/cgi-bin/koha/opac-detail.pl?biblionumber=62894 |
MARC
| LEADER | 00000nlm0a2200000 4500 | ||
|---|---|---|---|
| 001 | 62894 | ||
| 005 | 20231101212030.0 | ||
| 035 | |a (RuTPU)RU\TPU\book\66714 | ||
| 090 | |a 62894 | ||
| 100 | |a 20040421d1999 k y0rusy50 ca | ||
| 101 | 0 | |a rus | |
| 102 | |a RU | ||
| 105 | |a y j 000zy | ||
| 135 | |a vrcn ---uucaa | ||
| 181 | 0 | |a i | |
| 182 | 0 | |a b | |
| 200 | 1 | |a Оптимизация свойств материала в композиционной режущей части лезвийных инструментов |b Электронный ресурс |e учебное пособие |f С. И. Петрушин, Б. Д. Даниленко, О. Ю. Ретюнский |g Томский политехнический университет | |
| 203 | |a Текст |c электронный | ||
| 210 | |a Томск |c ТПУ |d 1999 | ||
| 230 | |a 1 компьютерный файл (pdf; 1710 KB) | ||
| 300 | |a Заглавие с титульного экрана | ||
| 300 | |a Электронная версия печатной публикации | ||
| 330 | |a В учебном пособии приведены сведения о применяемых в металлообработке инструментальных материалах и их характеристиках, рассмотрена задача оптимизации распределения физико-механических свойств в композиционных режущих элементах, предложен метод получения слоистых инструментальных композитов и исследованы режущие свойства двухслойных пластин на основе Томала-10. Работа подготовлена на кафедре технологии машиностроения филиала ТПУ в г. Юрге и предназначена для студентов старших курсов специальностей 120100 и 120200. Может быть полезна также для специалистов, занимающихся вопросами изготовления и эксплуатации инструментальных композитов. | ||
| 336 | |a Текстовые файлы. | ||
| 337 | |a Adobe Reader | ||
| 610 | 1 | |a металлообработка | |
| 610 | 1 | |a инструментальные материалы | |
| 610 | 1 | |a лезвийная обработка | |
| 610 | 1 | |a инструментальные стали | |
| 610 | 1 | |a твердые сплавы | |
| 610 | 1 | |a стали | |
| 610 | 1 | |a материаловедение | |
| 610 | 1 | |a учебные пособия | |
| 610 | 1 | |a электронный ресурс | |
| 675 | |a 621.751.5 |v 3 | ||
| 700 | 1 | |a Петрушин |b С. И. |c специалист в области машиностроения |c профессор Юргинского технологического института (филиала) Томского политехнического университета, доктор технических наук |f 1949- |g Сергей Иванович |2 stltpush |3 (RuTPU)RU\TPU\pers\24235 |9 10721 | |
| 701 | 1 | |a Даниленко |b Б. Д. | |
| 701 | 1 | |a Ретюнский |b О. Ю. |c специалист в области машиностроения |c доцент, заведующий кафедрой Юргинского технологического института Томского политехнического университета, кандидат технических наук |f 1969- |g Олег Юрьевич |2 stltpush |3 (RuTPU)RU\TPU\pers\24269 |9 10739 | |
| 712 | 0 | 2 | |a Томский политехнический университет |
| 801 | 1 | |a RU |b 63413507 |c 20040421 |g PSBO | |
| 801 | 2 | |a RU |b 63413507 |c 20151112 |g PSBO | |
| 856 | 4 | |u http://www.lib.tpu.ru/fulltext/m/2004/m24.pdf | |
| 900 | |a Оптимизация процессов резания и инструментов | ||
| 942 | |c CF | ||